| 000 | 01866cam a22005174i 4500 | ||
|---|---|---|---|
| 003 | PE-LiUPU | ||
| 005 | 20250731173350.0 | ||
| 008 | 150706s1990 xxu r 000 0 spa d | ||
| 035 | _a(Sirsi) a48106 | ||
| 040 |
_aPE-LiUPU _bspa _cPE-LiUPU _erda |
||
| 049 | _aPRUA | ||
| 050 | 1 |
_aBV4011 _b.R5 S18 |
|
| 082 | 0 | 4 |
_a286.73205 _bEM _221 |
| 082 | 0 | 4 |
_a286.73205 _bR49 _220 |
| 100 | 1 |
_aRhodes, John, _eautor. |
|
| 245 | 1 | 0 |
_aSecretos del éxito para pastores / _cJohn Rhodes. |
| 264 | 1 |
_aHagerstown, Maryland : _bReview and Herald, _c[1990]. |
|
| 300 |
_a136 páginas ; _c22 centímetros. |
||
| 336 |
_atext _2rdacontent |
||
| 337 |
_aunmediated _2rdamedia |
||
| 338 |
_avolume _2rdacarrier |
||
| 490 |
_a(Ediciones ministeriales ; _v2) |
||
| 505 | 0 | _aEl pastor como administrador -- El pastor como evangelista -- El pastor como predicador y sacerdote -- El ministro como pastor -- El pastor como promotor -- Relaciones públicas del pastor. | |
| 526 | _aSEG42 | ||
| 526 | _aSEG41 | ||
| 526 | _aSEG40 | ||
| 526 | _aSEG39 | ||
| 526 | _aP94 | ||
| 526 | _aP87 | ||
| 526 | _aP86 | ||
| 526 | _aP85 | ||
| 526 | _aP77 | ||
| 526 | _aP76 | ||
| 526 | _aP35 | ||
| 541 | _60975. | ||
| 650 | 1 | 4 |
_aTeología pastoral _91381 _xAdventistas del Séptimo Día. |
| 910 | _agl | ||
| 910 | _adbm | ||
| 942 |
_2ddc _cBOOK |
||
| 949 |
_aBV4011.R5 S18 _wDEWEY _c1 _lCCODEBUL1 _mBUL _p10.00 _r0 _sY _tLIBRO _u2015-07-06 _xTEOLOGIA _zUNKNOWN _o.STAFF. Colección General |
||
| 949 |
_aBV4011.R5 S18 _wDEWEY _c2 _lCCODEBUL1 _mBUL _p10.00 _r0 _sY _tLIBRO _u2015-07-06 _xTEOLOGIA _zUNKNOWN _o.STAFF. Colección General |
||
| 999 |
_c50322 _d50322 |
||
| 980 |
_81 _gALBERTO SANCHEZ Responsable de Automatización |
||